|
|
|
|
| LEADER |
00000cab a2200000 a 4500 |
| 001 |
026780 |
| 003 |
UAHC_CL |
| 005 |
20180816115545.0 |
| 008 |
030131b xx j 000 1 spa |
| 952 |
|
|
|0 0
|1 0
|2 ddc
|4 0
|6 CALID___EDUC__23_05_000000000000000
|7 0
|8 COMP
|9 53682
|a BC
|b BC
|c General
|d 2017-08-03
|l 0
|o CALID. EDUC. -23/05
|r 2018-01-17 00:00:00
|w 2017-08-03
|y REVA
|
| 999 |
|
|
|c 26780
|d 26780
|
| 040 |
|
|
|a UAHC_CL
|c UAHC_CL
|d UAHC_CL
|
| 245 |
1 |
0 |
|a Programa Chilecalifica :
|b redes para la articulación de la formación técnica /
|c Mónica Luna ... [et al.].
|
| 300 |
|
|
|a p. 195-212
|
| 500 |
|
|
|a En: Calidad de la educación, 2005, no.23, p.195-212. ISSN 0717-4004.
|
| 700 |
1 |
|
|a Luna, Mónica
|
| 700 |
1 |
|
|a Luna, Mónica
|
| 773 |
0 |
|
|t Calidad en la educación.
|w 026760
|
| 900 |
|
|
|a CALID. EDUC. -23/05
|
| 942 |
|
|
|c REVA
|2 ddc
|